La costura : (Registro nro. 31176)

Detalles MARC
000 -LEADER
fixed length control field 00664nam a22001937a 4500
003 - CONTROL NUMBER IDENTIFIER
control field OSt
005 - DATE AND TIME OF LATEST TRANSACTION
control field 20260421160150.0
008 - FIXED-LENGTH DATA ELEMENTS--GENERAL INFORMATION
fixed length control field 260421b |||||||| |||| 00| 0 eng d
020 ## - INTERNATIONAL STANDARD BOOK NUMBER
International Standard Book Number 9788401372865
040 ## - CATALOGING SOURCE
Original cataloging agency CO-JMCR
Language of cataloging spa
Transcribing agency CO-JMCR
Modifying agency CO-JMCR
Description conventions rda
082 0# - DEWEY DECIMAL CLASSIFICATION NUMBER
Classification number 646.2 L15c
Item number Ej.1
100 ## - MAIN ENTRY--PERSONAL NAME
Personal name Ladbury, Ann
Relator term autor
9 (RLIN) 44619
245 ## - TITLE STATEMENT
Title La costura :
Remainder of title una guia completa y práctica /
Statement of responsibility, etc. Anna Ladbury ; autor ; Nigel Heed ; fotografía
246 ## - VARYING FORM OF TITLE
Title proper/short title The Sewing Book/
260 ## - PUBLICATION, DISTRIBUTION, ETC.
Place of publication, distribution, etc. Bogotá :
Name of publisher, distributor, etc. Circulo de lectores, S. A.
Date of publication, distribution, etc. 1988
300 ## - PHYSICAL DESCRIPTION
Extent 216 páginas :
Other physical details Ilustraciones, fotografias, gráficos ;
Dimensions 25 cm.
650 ## - SUBJECT ADDED ENTRY--TOPICAL TERM
Source of heading or term Artes
Form subdivision costura
9 (RLIN) 44620
942 ## - ADDED ENTRY ELEMENTS (KOHA)
Source of classification or shelving scheme Dewey Decimal Classification
Koha item type Books
Existencias
Withdrawn status Lost status Source of classification or shelving scheme Damaged status Not for loan Home library Current library Shelving location Date acquired Total Checkouts Full call number Barcode Date last seen Copy number Price effective from Koha item type
    Dewey Decimal Classification     Biblioteca Pública José María del Castillo y Rada Biblioteca Pública José María del Castillo y Rada Book Cart 04/21/2026   646.2 L15c Ej.1 201812560 04/21/2026 Ej.1 04/21/2026 Books